000 00372nam a2200145Ia 4500
008 230711s9999||||xx |||||||||||||| ||und||
041 _aENG
082 _a720
_bJA-C
100 _aJain,Shashi
245 0 _aCreative interiors : Design of enclosed space
250 _a1st Ed.
260 _c1994
_aNew Delhi
_bManagement Publishing Co
650 _aArchitecture
942 _cBK
999 _c2503
_d2503